Criminal Law (Record no. 330)

MARC details
005 - DATE AND TIME OF LATEST TRANSACTION
control field 20250621073215.0
020 ## - INTERNATIONAL STANDARD BOOK NUMBER
International Standard Book Number 0-07-282008-X
082 ## - DEWEY DECIMAL CLASSIFICATION NUMBER
Classification number 345.73 REI
100 ## - MAIN ENTRY--PERSONAL NAME
Author name REID, S. R.
245 ## - TITLE STATEMENT
Title Criminal Law
250 ## - EDITION STATEMENT
Edition statement 6th Ed.
260 ## - PUBLICATION, DISTRIBUTION, ETC.
Place of publication, distribution, etc. Boston,
Name of publisher, distributor, etc. Mac Graw Hill,
Date of publication, distribution, etc. 2004.
300 ## - PHYSICAL DESCRIPTION
Extent xxiv, 562p.: ill.; pictures.
Other physical details Glossary & index,
Dimensions 24cm.
942 ## - ADDED ENTRY ELEMENTS (KOHA)
Source of classification or shelving scheme Dewey Decimal Classification
Koha item type Books
Holdings
Date last seen Total checkouts Full call number Barcode Cost, replacement price Price effective from Koha item type Lost status Source of classification or shelving scheme Damaged status Not for loan Withdrawn status Home library Current library Shelving location Date acquired Cost, normal purchase price
03/11/2025   LM 345.73 REI 000000861 210000.00 03/11/2025 Books   Dewey Decimal Classification       College of Business Education Main Library College of Business Education Main Library General Collection 03/11/2025 70000.00
03/11/2025   LM 345.73 REI 000000862 210000.00 03/11/2025 Books   Dewey Decimal Classification       College of Business Education Main Library College of Business Education Main Library General Collection 03/11/2025 70000.00
03/11/2025   LM 345.73 REI 000000863 210000.00 03/11/2025 Books   Dewey Decimal Classification       College of Business Education Main Library College of Business Education Main Library General Collection 03/11/2025 70000.00
03/11/2025   LM 345.73 REI 000000864 210000.00 03/11/2025 Books   Dewey Decimal Classification       College of Business Education Main Library College of Business Education Main Library General Collection 03/11/2025 70000.00